Notas sobre polos de desarrollo y transición (Registro nro. 26785)

Detalles MARC
000 -LEADER
fixed length control field 00345 a2200109 4500
001 - CONTROL NUMBER
control field ART_13825
005 - DATE AND TIME OF LATEST TRANSACTION
control field 20260410161911.0
008 - FIXED-LENGTH DATA ELEMENTS--GENERAL INFORMATION
fixed length control field 260409a
100 1# - MAIN ENTRY--PERSONAL NAME
Personal name Coraggio, José Luis
245 10 - TITLE STATEMENT
Title Notas sobre polos de desarrollo y transición
773 0# - HOST ITEM ENTRY
Title Demografía y economía
Related parts - Vol. XVI, Nº 49 (ene./mar. 1982)
Record control number REV13200

No hay ítems disponibles.